Brawl Stars Brawlers - Sudden Death - Statistics

General Stats
  • This quiz has been taken 9,581 times
    7,434 since last reset
  • The average score is 9 of 15
Answers on the Grid
Answers color-coded by a green-red scale on the quiz's grid according to % correct below.
Benny
Kid
Dough
Bee
Jester
Window
Candy
Widow
Kaiju
Nessie
Morty
Dynamite
Dog
Lenny
Randy
Plank
Ryan
Scout
Tank
Colonel
Dani
Puffs
Rita
Streak
Blade
Bea
Chester
Doug
Mandy
Bibi
Dynamike
Penny
Jessie
Hank
Kit
Shade
Squeak
Mortis
Sprout
Nita
 
Answer Stats
Answer % Correct
Bibi
62%
Mortis
62%
Nita
62%
Dynamike
61%
Jessie
61%
Penny
61%
Bea
60%
Chester
59%
Hank
59%
Mandy
59%
Squeak
59%
Doug
58%
Kit
58%
Sprout
57%
Shade
54%
No matching quizzes found
Score Distribution
Percent of People with Each Score
Percentile by Number Answered
Your Score History
You have not taken this quiz since the last reset